[Event "Kavala op 15th"]
[Site "Kavala"]
[Date "2006.07.09"]
[Round "7"]
[White "Zysk, Robert"]
[Black "Aleksanrov, Vasil"]
[Result "1-0"]
[WhiteElo "2474"]
[BlackElo "2232"]
[PlyCount "77"]
[EventDate "2006.07.04"]
[EventType "swiss"]
[EventRounds "9"]
[EventCountry "GRE"]
[SourceTitle "CBM 113 Extra"]
[Source "ChessBase"]
[SourceDate "2006.09.14"]
[SourceVersion "1"]
[SourceVersionDate "2006.09.14"]
[SourceQuality "1"]

1. Nf3 Nf6 2. c4 g6 3. d4 Bg7 4. Nc3 0-0 5. Bg5 h6 6. Bh4 c5 7. e3 a6 8. Be2 d6 9. 0-0 Bf5 10. h3 g5 11. Bg3 Ne4 12. Nxe4 Bxe4 13. Nd2 Bh7 14. Nb3 cxd4 15. Nxd4 Nc6 16. Qd2 Rc8 17. Rac1 Qb6 18. Rfd1 Nxd4 19. exd4 e5 20. c5 dxc5 21. dxe5 Bf5 22. Bc4 Rcd8 23. Qe2 Rd4 24. Rxd4 cxd4 25. b3 Rd8 26. Qf3 Qg6 27. Qxb7 d3 28. Rd1 Bf8 29. e6 Bxe6 30. Qxa6 d2 31. Bxe6 fxe6 32. Be5 Qf5 33. Bc3 Rd3 34. Qc6 Rd6 35. Qc4 Kf7 36. Bb4 Qe5 37. Bxd6 Bxd6 38. Kf1 Bc5 39. Rxd2 1-0